Quizzes
Events
Quiz Creation
Community
Videos
Private Events
Remove Ads
Sign In
Join for FREE
Feedback
Dark Mode
Quiz Categories
Sports
Geography
Music
Movies
Television
Just For Fun
Miscellaneous
History
Literature
Language
Science
Gaming
Entertainment
Religion
Holiday
For Kids
Quiz Lab
Recent
Popular Today
Quiz Kudos Today
Editor Picks
Curator Picks
Quizzes by...
Day
Popularity
Type
Ratings
Length
Year
Community
Subscriptions
Recent Discussions
Orange Saloon
Badges
Playlists
Quests
Create
Leaderboards
Showdown
Live 5
Trivia Bingo
Activity
Puzzle Library
Sporcle Events
Private Events
Virtual Trivia
Globe League
Become a Host
Pub Owners
SporcleCon
Opinionation
Our Games
Videos
Blog
Mobile Apps
Partnerships
Remove Ads and Go Orange
Feedback
Sports
Athletes
MLB
NBA
NHL
NFL
Soccer
Sports Teams
WWE
NCAA
Football
Premier League
Basketball
Baseball
Hockey
Golf
Tennis
Cricket
Rugby
Auto Racing
Olympics
World Cup
Sports
Athletes
MLB
NBA
NHL
NFL
Soccer
Sports Teams
WWE
NCAA
Football
Premier League
Basketball
Baseball
Hockey
Golf
Tennis
Cricket
Rugby
Auto Racing
Olympics
World Cup
Random Quiz
Search Sporcle
×
Quiz Lab
Quiz Lab
Sports
Premier League
Type in answers that appear in a list
Type in answers that appear in a list
Classic
Best Score? Go Orange.
Premier League Goal of the Month Winners Stats
Can you name the Premier League Goal of the Month Winners since 2002?
By
johnboy
8m
49 Questions
531 Plays
531 Plays
531 Plays
Comments
Comments
Give Quiz Kudos
Give Quiz Kudos
-
- Ratings
hide this ad
Replay
Link that replays current quiz
Next Quiz
Link to next quiz in quiz playlist
You Got
0%
They Got
Avg Score
35%
Avg Friend Score
Upgrade to see
Score Distribution
Jump to the score distribution portion of the page
Score
0/49
Timer
08:00
0
Plays Today
Times Won
Player
% Correct
4
Wayne Rooney
95.7%
3
Thierry Henry
93.2%
1
Steven Gerrard
83.4%
1
Didier Drogba
79.5%
2
Cristiano Ronaldo
74.4%
2
Carlton Cole
72.1%
1
Alan Shearer
71.9%
2
Robin van Persie
70.4%
1
Ryan Giggs
70.1%
1
Paul Scholes
67%
1
Fernando Torres
63.1%
1
Nicolas Anelka
55.4%
2
Craig Bellamy
52%
1
Collins John
45.6%
1
Matthew Taylor
45.4%
1
Ruud van Nistelrooy
44.4%
1
Glen Johnson
44.1%
1
Carlos Tévez
42.7%
1
Luke Young
41.8%
1
Paolo Di Canio
39.7%
1
Emmanuel Adebayor
34.3%
1
Kevin Nolan
33%
1
Xabi Alonso
30.1%
1
Arjen Robben
27.7%
1
Geovanni
26.6%
Times Won
Player
% Correct
1
Gareth Barry
25.6%
1
Morten Gamst Pedersen
25.4%
1
Daryl Murphy
23.5%
1
Sylvain Wiltord
21.7%
1
David Bentley
20.7%
1
Ricardo Fuller
20.3%
1
Eiður Gudjohnsen
19.8%
1
Patrick Berger
17.3%
1
Charles N'Zogbia
16.4%
1
Stiliyan Petrov
15.8%
2
Tuncay Şanlı
13.9%
1
Nolberto Solano
13.6%
1
Henri Camara
13%
1
Daniel Agger
9.4%
1
Steven Reid
8.9%
1
Craig Gardner
8.7%
1
Geremi
7.2%
1
Lee Hendrie
6.6%
1
Fábio Rochemback
5.8%
1
Paul Konchesky
5.8%
1
James McFadden
5.3%
1
Stelios Giannakopoulos
4.7%
1
Liam Lawrence
3.6%
1
Denny Landzaat
2.4%
Quiz Playlist
Details
Report
Send in Message
Add To Playlist
Classic:
Type in answers that appear in a list
Quiz Source
Last Updated: Feb 16, 2017
Quiz Scoreboard
CHALLENGE
Sign Up to Join the Scoreboard
Show All
Scores
Hide
Comments
May contain spoilers
Recently Published
NBA Finals Game Top Scorers (2010s)
by flibbidy
Sports
5m
Guess the 'R' Things in 3 Words
by MSUKent
Miscellaneous
3m
Actor to Badly Drawn Movie III
by MoMosMoProblems
Movies
5m
More to Explore
Quiz From the Vault
Featured Blog Post
Where Does Lost Luggage Go?
hide this ad
You Might Also Like...
Tags
Premier League Quiz
Soccer Quiz
2002
goal
League
month
Player
Premier
team
Winner
Won
Today's Top Quizzes in Sports
Browse Sports
hide this ad
Today's Top Quizzes in Premier League
Browse Premier League
Top Contributed Quizzes in Sports
1
Les joueurs à 100 buts en Ligue 1 Uber Eats
2
2022 World Cup Stars
3
2024 March Madness Bracket
4
Millionaire: NBA Finals Edition
5
Players with Multiple 50 Home Run Seasons
6
Nickname Match: Athletes VI
7
Criteria MLB: Left Handed Sluggers
8
Iconic Moments in Football - Multiple Choice
9
NFL MVPs ordered
10
First NBA MVP by Team
Explore More
Trending Topics
Marvel
Crossword
Disney
Harry Potter
NBA
Anime
Kpop
Song
The Office
WWE
NFL
Soccer
Puzzle
Pokémon
Country
hide this ad
More By:
johnboy
Quiz
Plays
Rating
Category
Featured
Created
Forbes' World's Richest Rappers
3,616
2.84
Music
Sep 26, 2009
Newcastle United Premier League Scorers
2,439
4.80
Sports
Dec 13, 2009
Famous Football (Soccer) Quotes
1,991
4.19
Sports
Sep 29, 2009
Top 20 Champions League Scorers Ever
1,445
4.44
Sports
Oct 18, 2009
Premier League Goal of the Month Winners
531
4.29
Sports
Dec 3, 2009
Go to Creator's Profile
Score Distribution
Quiz Creator Spotlight
johnboy
Follow
Send a Message
Quizzes Created
-
Created Quiz Play Count
-
More By This Creator
Popular Quizzes Today
1
Find the US States - No Outlines Minefield
2
Find the US States
3
The Countries of the World
4
10 Largest US States in Order
5
Find the Countries of Europe - No Outlines Minefield
6
US States
7
Guess the 'R' Things in 3 Words
8
NBA Finals Game Top Scorers (2010s)
More Sports Quizzes
MLB Top 50 Active Hits Leaders
Quiz Lab
Trending Quizzes
First Name TV: Leading Men
Match the Book to the Film II
First Name TV: Leading Women Drama
3-Word Movies in 1 Word II
Match the Book to the Film VI
Recently Updated
Women's Final Four Teams by Year
bhenderson79
Presidents Quartet II
eogle
Anything But Clue(do)
eogle
Anything But Oceanian Capitals
eogle
Anything But 7
eogle
Anything But Thing
eogle
Word Ladder: February 29
pecheneg
Song Title Questions
pecheneg
Women's NCAA Tournament #1 Seeds
pecheneg
Celebrity Mug Shots
pecheneg
Trending Topics
Harry Potter
Kpop
NBA
Anime
Disney
Marvel
Crossword
Pokémon
The Office
WWE
Puzzle
Country
Soccer
NFL
Song
Your Account Isn't Verified!
In order to create a playlist on Sporcle, you need to verify the email address you used during registration. Go to your
Sporcle Settings
to finish the process.
Report this User
Report this user for behavior that violates our
Community Guidelines
.
Details:
Send Report
Go to the Sporcle.com Mobile Site →
Comments